Biathlètes français par images - Statistiques

Statistiques générales
  • Ce quiz a été pris 41 fois
  • Le résultat moyen est 15 sur 28
Statistiques - réponses
Par images Réponse % Correct
Martin Fourcade
100%
Simon Fourcade
100%
Émilien Jacquelin
92%
Éric Perrot
92%
Quentin Fillon-Maillet
92%
Julia Simon
89%
Justine Braisaz-Bouchet
89%
Lou Jeanmonot
89%
Océane Michelon
86%
Fabien Claude
81%
Marie Dorin-Habert
68%
Simon Desthieux
65%
Anais Chevalier-Bouchet
59%
Raphaël Poirée
54%
Anaïs Bescond
51%
Patrice Bailly-Salins
51%
Sandrine Bailly
51%
Jean-Guillaume Beatrix
32%
Vincent Defrasne
27%
Vincent Jay
24%
Benjamin Daviet
16%
Corinne Niogret
14%
Anne Briand-Bouthiaux
11%
Anthony Chalençon
11%
Emmanuelle Claret
11%
Karl Tabouret
11%
Sylvie Becaert
5%
Thomas Clarion
0%
Aucun quiz correspondant
Distribution des résultats
% des personnes avec chaque résultat
Percentile par nombre de réponses
Votre historique - résultats
Vous n’avez pas pris ce quiz